L' Etude expérimentale de l' intelligence / (Record no. 33425)
[ view plain ]
| 000 -LEADER | |
|---|---|
| campo de control de longitud fija | 00510nam a2200169 i 4500 |
| 001 - NÚMERO DE CONTROL | |
| campo de control | 33425 |
| 003 - IDENTIFICADOR DE NÚMERO DE CONTROL | |
| campo de control | ES-MaACL |
| 005 - FECHA Y HORA DE LA ÚLTIMA TRANSACCIÓN | |
| campo de control | 20260305063017.0 |
| 007 - CAMPO FIJO DE DESCRIPCIÓN FÍSICA--INFORMACIÓN GENERAL | |
| campo de control de longitud fija | t| |
| 008 - DATOS DE LONGITUD FIJA--INFORMACIÓN GENERAL | |
| campo de control de longitud fija | 030202s1922 fr ||||1| fre d |
| 100 1# - ENTRADA PRINCIPAL--NOMBRE DE PERSONA | |
| Nombre de persona | Binet, Alfred, |
| Fechas asociadas al nombre | 1857-1911 |
| 9 (RLIN) | 28916 |
| 245 13 - MENCIÓN DEL TÍTULO | |
| Título | L' Etude expérimentale de l' intelligence / |
| Mención de responsabilidad, etc. | par Alfred Binet. |
| 260 ## - PUBLICACIÓN, DISTRIBUCIÓN, ETC. | |
| Lugar de publicación, distribución, etc. | París : |
| Nombre del editor, distribuidor, etc. | Alfred Costes, |
| Fecha de publicación, distribución, etc. | 1922 ( |
| Lugar de fabricación/manufactura | Saint-Denis : |
| Fabricante | A. Rincheval) |
| 300 ## - DESCRIPCIÓN FÍSICA | |
| Extensión | 307 p. ; |
| Dimensiones | 23 cm. |
| 852 ## - LOCALIZACIÓN | |
| Ubicación | ES-MaACL |
| Número de control de estantería | F-1443 |
| Estatus retirado | Estado de pérdida | Estado de daño | No para préstamo | Biblioteca de origen | Biblioteca actual | Ubicación en estantería | Fecha de adquisición | Fuente de adquisición | Total de préstamos | Signatura topográfica completa | Código de barras | Visto por última vez | Precio de reemplazo | Tipo de ítem Koha |
|---|---|---|---|---|---|---|---|---|---|---|---|---|---|---|
| Biblioteca del Ateneo de Madrid | Biblioteca del Ateneo de Madrid | Depósito 2 | 17/01/2008 | F-1443 | 1034770 | 23/02/2023 | 23/02/2023 | Libro impreso |
